[Event "Montreal Pere Noel"]
[Site "Montreal"]
[Date "1986.12.29"]
[Round "4"]
[White "Charest, Johanne"]
[Black "Boutet, Laurier"]
[Result "0-1"]
[WhiteElo "1329"]
[BlackElo "1442"]
[PlyCount "124"]
[EventDate "1986.12.26"]
[EventType "swiss"]
[EventRounds "5"]
[EventCountry "CAN"]
[SourceTitle "EXT 2022"]
[Source "ChessBase"]
[SourceDate "2021.10.06"]
[SourceVersion "1"]
[SourceVersionDate "2021.10.06"]
[SourceQuality "1"]

1. e4 e5 2. Nf3 Nc6 3. Bb5 a6 4. Ba4 Nf6 5. 0-0 Be7 6. c3 b5 7. Bb3 0-0 8. d4 exd4 9. cxd4 Nxe4 10. Re1 Nf6 11. Nc3 d5 12. a3 Be6 13. Ng5 Qd7 14. Qe2 Nxd4 15. Qe3 Nxb3 16. Rb1 d4 17. Qd3 Bf5 18. Nce4 Nxc1 19. Rbxc1 h6 20. Nxf6+ Bxf6 21. Ne4 Rfe8 22. Nxf6+ gxf6 23. Qg3+ Bg6 24. Rxe8+ Rxe8 25. h3 Qd6 26. Qf3 c5 27. b3 Kg7 28. g3 c4 29. bxc4 bxc4 30. Qg4 c3 31. Kh2 h5 32. Qd1 h4 33. Rxc3 f5 34. Rd3 Re4 35. Kg2 hxg3 36. fxg3 Qe5 37. Rd2 Qd5 38. Kh2 Qe5 39. Kg2 Re3 40. Kf1 Qxg3 41. Qa4 Qxh3+ 42. Rg2 Qf3+ 43. Kg1 Re1+ 44. Kh2 Qh5+ 45. Kg3 f4+ 46. Kxf4 Qh4+ 47. Kf3 Rf1+ 48. Ke2 Re1+ 49. Kd2 Qe4 50. Rxg6+ Kxg6 51. Qxa6+ f6 52. Qc4 Qe3+ 53. Kc2 Rc1+ 54. Kb2 Rxc4 55. a4 Qc1+ 56. Kb3 Qc3+ 57. Ka2 Rxa4+ 58. Kb1 Rb4+ 59. Ka2 Ra4+ 60. Kb1 Rb4+ 61. Ka2 Qb3+ 62. Ka1 Qb1# 0-1